| 000 | 00470nam a2200157Ia 4500 | ||
|---|---|---|---|
| 008 | 220214s9999 xx 000 0 und d | ||
| 022 | _a0100-204X | ||
| 041 | _aPor | ||
| 245 | 0 | _aPESQUISA AGROPECUARIA BRASILEIRA | |
| 260 |
_bEmpresa Brasileira de Pesquisa Agropecuaria, Caixa _aBrazil |
||
| 310 | _aM | ||
| 500 | _aEnding Volume & Year: 28, 1993 | ||
| 500 | _aMissing Volume: 22(9-12);23(1);25(9-12);26 | ||
| 500 | _aStarting Volume & Year: 22, 1987 | ||
| 942 | _cBJ | ||
| 999 |
_c15331 _d15331 |
||